000 00321 a2200157 4500
001 56924
020 _a8532511198
040 _cAnchieta - Pituba
100 _aApplegate, K. A.
240 1 0 _aA invasão
_lpor
245 1 0 _aA invasão
300 _a146
362 0 _a2000
650 4 _aLiteratura juvenil
942 _cBK
999 _c56924
_d56924